[Event "Benidorm 2013 - Torneo sub2000"]
[Site "Benidorm ESP"]
[Date "2013.11.30"]
[Round "2.31"]
[White "Orantes Taboada, Manuel"]
[Black "Teran Pereda, Luis"]
[Result "1-0"]
[WhiteElo "1951"]
[BlackElo "1831"]
[PlyCount "31"]
[EventDate "2013.11.29"]
[EventRounds "10"]
[EventCountry "ESP"]
[Source "lmi"]
[SourceDate "2013.11.29"]

1. e4 c5 2. Nc3 Nc6 3. g3 g6 4. Bg2 Bg7 5. d3 e6 6. f4 Nge7 7. Nf3 d5 8. O-O
O-O 9. e5 a6 10. g4 b5 11. Qe1 Bd7 12. Qh4 Rc8 13. f5 exf5 14. Bh6 fxg4 15. Ng5
f6 16. exf6 1-0

[Event "Benidorm 2013 - Torneo sub2000"]
[Site "Benidorm ESP"]
[Date "2013.11.30"]
[Round "2.36"]
[White "Izagirre Alsua, Aritz"]
[Black "Puig Carres, Josep"]
[Result "1-0"]
[WhiteElo "1947"]
[BlackElo "1810"]
[PlyCount "57"]
[EventDate "2013.11.29"]
[EventRounds "10"]
[EventCountry "ESP"]
[Source "lmi"]
[SourceDate "2013.11.29"]

1. e4 e6 2. d3 d5 3. Nd2 Ne7 4. Ngf3 Ng6 5. g3 b6 6. Bg2 Bb7 7. e5 c5 8. O-O
Nc6 9. Re1 Qc7 10. Qe2 Ba6 11. c3 Be7 12. h4 h5 13. Qe3 Rd8 14. Bf1 d4 15. Qe4
Bb7 16. Qe2 Ba6 17. c4 Nb4 18. Qd1 Bb7 19. a3 Nc6 20. Qe2 O-O 21. Bg2 Nh8 22.
Rb1 a6 23. Nf1 Na5 24. b3 b5 25. N1h2 bxc4 26. bxc4 Bc6 27. Bg5 Bxg5 28. Nxg5
g6 29. g4 1-0

[Event "Benidorm 2013 - Torneo sub2000"]
[Site "Benidorm ESP"]
[Date "2013.11.30"]
[Round "2.40"]
[White "Sevillano Leal, Julio"]
[Black "Kohler, Paul"]
[Result "0-1"]
[WhiteElo "1800"]
[BlackElo "1935"]
[PlyCount "34"]
[EventDate "2013.11.29"]
[EventRounds "10"]
[EventCountry "ESP"]
[Source "lmi"]
[SourceDate "2013.11.29"]

1. e4 g6 2. d4 Bg7 3. Bc4 d6 4. Qf3 e6 5. c3 c5 6. dxc5 dxc5 7. Nh3 Nd7 8. O-O
Ne5 9. Qe2 Nxc4 10. Qxc4 b6 11. Bg5 Ne7 12. Na3 a6 13. Rad1 Qc7 14. Qd3 h6 15.
Be3 b5 16. Bxc5 Bb7 17. f3 Qxc5+ 0-1

[Event "Benidorm 2013 - Torneo sub2000"]
[Site "Benidorm ESP"]
[Date "2013.11.30"]
[Round "2.44"]
[White "Reginaldo Huix, Pere"]
[Black "Altin, Halis"]
[Result "1/2-1/2"]
[WhiteElo "1926"]
[BlackElo "1782"]
[PlyCount "43"]
[EventDate "2013.11.29"]
[EventRounds "10"]
[EventCountry "ESP"]
[Source "lmi"]
[SourceDate "2013.11.29"]

1. d4 Nf6 2. e3 d5 3. Bd3 g6 4. f4 c5 5. c3 c4 6. Bc2 Bg7 7. Nf3 Nc6 8. Nbd2 b5
9. O-O O-O 10. Ne5 Nxe5 11. fxe5 Ne8 12. e4 Bb7 13. Rf3 f6 14. exf6 exf6 15.
exd5 Bxd5 16. Be4 f5 17. Bxd5+ Qxd5 18. Nf1 Nf6 19. Bg5 Rae8 20. Bxf6 Bxf6 21.
Ne3 Rxe3 22. Rxe3 1/2-1/2

[Event "Benidorm 2013 - Torneo sub2000"]
[Site "Benidorm ESP"]
[Date "2013.11.30"]
[Round "2.47"]
[White "Perez Guerra, Alberto"]
[Black "Ostolazaga Barragan, Eneko"]
[Result "0-1"]
[WhiteElo "1921"]
[BlackElo "1756"]
[PlyCount "64"]
[EventDate "2013.11.29"]
[EventRounds "10"]
[EventCountry "ESP"]
[Source "lmi"]
[SourceDate "2013.11.29"]

1. e4 c5 2. Nf3 Nc6 3. d4 cxd4 4. Nxd4 Nf6 5. Nc3 e5 6. Ndb5 d6 7. Bg5 a6 8.
Na3 b5 9. Bxf6 gxf6 10. Nd5 f5 11. Bd3 Be6 12. O-O Bxd5 13. exd5 Ne7 14. Nxb5
Bg7 15. Nc3 e4 16. Bc4 Qa5 17. Qd2 Rc8 18. Nxe4 Qb6 19. Qe2 fxe4 20. Qxe4 O-O
21. Bd3 Ng6 22. Rab1 Rce8 23. Qa4 a5 24. a3 Re5 25. c4 Rfe8 26. Kh1 Qd4 27. Qc2
Rh5 28. g3 Ne5 29. Rfd1 Nxd3 30. Rxd3 Qe4+ 31. Kg1 Bd4 32. Qd1 Bxf2+ 0-1

[Event "Benidorm 2013 - Torneo sub2000"]
[Site "Benidorm ESP"]
[Date "2013.11.30"]
[Round "2.52"]
[White "Parks, Joseph"]
[Black "Miquel Juan, Marcelo"]
[Result "1/2-1/2"]
[WhiteElo "1915"]
[BlackElo "1672"]
[PlyCount "43"]
[EventDate "2013.11.29"]
[EventRounds "10"]
[EventCountry "ESP"]
[Source "lmi"]
[SourceDate "2013.11.29"]

1. d4 Nf6 2. c4 g6 3. Nc3 d5 4. cxd5 Nxd5 5. e4 Nxc3 6. bxc3 Bg7 7. Nf3 c5 8.
Be3 Qa5 9. Qd2 Nc6 10. Rc1 cxd4 11. cxd4 Qxd2+ 12. Kxd2 O-O 13. d5 Rd8 14. Bc4
e6 15. Rhd1 Na5 16. Ke1 Nxc4 17. Rxc4 exd5 18. exd5 Bf8 19. Bc5 Re8+ 20. Kd2
Rd8 21. Ke1 Re8+ 22. Kd2 1/2-1/2

[Event "Benidorm 2013 - Torneo sub2000"]
[Site "Benidorm ESP"]
[Date "2013.11.30"]
[Round "2.57"]
[White "Ijurko Erroizena, Jose Angel"]
[Black "Franco Arroyo, Fernando"]
[Result "1/2-1/2"]
[WhiteElo "1665"]
[BlackElo "1910"]
[PlyCount "71"]
[EventDate "2013.11.29"]
[EventRounds "10"]
[EventCountry "ESP"]
[Source "lmi"]
[SourceDate "2013.11.29"]

1. e4 d6 2. d4 c6 3. Nf3 Bg4 4. Nc3 Nd7 5. Bc4 e6 6. a4 Ngf6 7. O-O Qc7 8. Re1
Be7 9. Bf1 a6 10. a5 Rc8 11. g3 O-O 12. Bg2 e5 13. Bg5 h6 14. Bxf6 Nxf6 15. Qd2
Rcd8 16. Nh4 Nh7 17. f3 Bh5 18. Nf5 Bg5 19. f4 Bf6 20. d5 Rfe8 21. Ne2 cxd5 22.
exd5 Bg4 23. Be4 exf4 24. Qxf4 Bxe2 25. Rxe2 Ng5 26. Qg4 Kf8 27. c3 Re5 28. Bg2
Rde8 29. Rae1 Qc8 30. Rxe5 Bxe5 31. h4 g6 32. Nxh6 Qc5+ 33. Kh1 Nh7 34. Rf1 Nf6
35. Qf3 Re7 36. g4 1/2-1/2

[Event "Benidorm 2013 - Torneo sub2000"]
[Site "Benidorm ESP"]
[Date "2013.11.30"]
[Round "2.58"]
[White "Muro Turon, Raul"]
[Black "Erades Berenguer, Ana"]
[Result "1-0"]
[WhiteElo "1905"]
[BlackElo "1572"]
[PlyCount "81"]
[EventDate "2013.11.29"]
[EventRounds "10"]
[EventCountry "ESP"]
[Source "lmi"]
[SourceDate "2013.11.29"]

1. e4 e5 2. Nf3 Nc6 3. d4 exd4 4. Bc4 Nf6 5. e5 Bb4+ 6. c3 dxc3 7. bxc3 Qe7 8.
cxb4 Qxb4+ 9. Nbd2 Ne4 10. O-O Nxd2 11. Nxd2 O-O 12. Re1 Qc3 13. Rb1 Re8 14.
Bb2 Qa5 15. Nf3 b6 16. Qb3 Kh8 17. Bc3 Qc5 18. Bxf7 Rf8 19. Bb2 Na5 20. Qd5
Qxd5 21. Bxd5 Bb7 22. Bxb7 Nxb7 23. Rbc1 c5 24. Nd2 Nd8 25. Ne4 Ne6 26. g3 Rac8
27. Red1 Rc7 28. Rd6 Re8 29. f4 Nd8 30. Rcd1 Re7 31. Nc3 Rb7 32. Kf2 b5 33. Ne4
c4 34. Nc5 Rc7 35. Rxd7 Rcxd7 36. Rxd7 Rxd7 37. Nxd7 b4 38. Ke3 a5 39. Kd4 c3
40. Bxc3 bxc3 41. Kxc3 1-0

[Event "Benidorm 2013 - Torneo sub2000"]
[Site "Benidorm ESP"]
[Date "2013.11.30"]
[Round "2.60"]
[White "Larranaga Aldalur, Jose Joaqui"]
[Black "Del Valle Domenech, Trinidad"]
[Result "1-0"]
[WhiteElo "1902"]
[BlackElo "1525"]
[PlyCount "41"]
[EventDate "2013.11.29"]
[EventRounds "10"]
[EventCountry "ESP"]
[Source "lmi"]
[SourceDate "2013.11.29"]

1. e4 e5 2. Bc4 Bc5 3. d4 Bxd4 4. Nf3 Nc6 5. Nxd4 Nxd4 6. O-O Nf6 7. f4 O-O 8.
fxe5 Ng4 9. Qxd4 Qh4 10. h3 Nh6 11. Nc3 d6 12. Bxh6 Qxh6 13. exd6 cxd6 14. Rad1
Qg6 15. Qxd6 Be6 16. Bxe6 fxe6 17. Qe7 Rae8 18. Rxf8+ Rxf8 19. Rd8 Qf6 20.
Rxf8+ Qxf8 21. Qxf8+ 1-0

[Event "Benidorm 2013 - Torneo sub2000"]
[Site "Benidorm ESP"]
[Date "2013.12.01"]
[Round "3.1"]
[White "Kohler, Paul"]
[Black "Morello Ostos, Domingo"]
[Result "0-1"]
[WhiteElo "1935"]
[BlackElo "1998"]
[PlyCount "124"]
[EventDate "2013.11.29"]
[EventRounds "10"]
[EventCountry "ESP"]
[Source "lmi"]
[SourceDate "2013.11.29"]

1. Nf3 Nf6 2. c4 g6 3. d4 Bg7 4. Nc3 d6 5. g3 O-O 6. Bg2 c6 7. O-O Qa5 8. Qb3
Qh5 9. Ng5 h6 10. Bf3 Bg4 11. Bxg4 Nxg4 12. Nf3 b6 13. Kg2 g5 14. h4 gxh4 15.
Rh1 Nd7 16. e4 f5 17. Rxh4 Qg6 18. exf5 Qxf5 19. Ne2 e5 20. dxe5 dxe5 21. Bf4
Nc5 22. Ned4 Nxb3 23. Nxf5 Rxf5 24. Rxg4 Nxa1 25. Bxh6 Rf7 26. Nxe5 Rb7 27.
Nxc6 Kh7 28. Bg5 Re8 29. f4 Nc2 30. Rh4+ Kg6 31. Kf3 Rc7 32. Nd8 Rd7 33. Nc6
Rd3+ 34. Kf2 Bd4+ 35. Kg2 Ne3+ 36. Kh3 Rd1 37. Rh6+ Kg7 38. g4 Rh1+ 39. Kg3
Rxh6 40. Bxh6+ Kxh6 41. Nxd4 Re4 42. g5+ Kg6 43. Nf3 Nf1+ 44. Kg4 Ne3+ 45. Kg3
Nxc4 46. b3 Nd6 47. Ne5+ Kf5 48. g6 Rxe5 49. fxe5 Kxe5 50. Kf3 Kf6 51. g7 Kxg7
52. Ke3 Kf7 53. Kd4 Ke6 54. b4 Nb7 55. a4 Kd6 56. Kc4 a6 57. Kd4 Nd8 58. Kc4
Ne6 59. Kc3 Kd5 60. Kd3 b5 61. axb5 axb5 62. Kc3 Nf4 0-1

[Event "Benidorm 2013 - Torneo sub2000"]
[Site "Benidorm ESP"]
[Date "2013.12.01"]
[Round "3.2"]
[White "Rizza, Francesco"]
[Black "Castrillon Otero, Javier"]
[Result "1-0"]
[WhiteElo "1998"]
[BlackElo "1929"]
[PlyCount "157"]
[EventDate "2013.11.29"]
[EventRounds "10"]
[EventCountry "ESP"]
[Source "lmi"]
[SourceDate "2013.11.29"]

1. Nf3 d5 2. c4 c6 3. d4 Nf6 4. Nc3 a6 5. b3 b5 6. e3 Bg4 7. Qc2 Nbd7 8. Be2 e6
9. Bd2 Bd6 10. e4 b4 11. e5 Bxf3 12. Bxf3 Nxe5 13. dxe5 Bxe5 14. Nxd5 cxd5 15.
Rd1 Qd6 16. g3 O-O 17. O-O Rab8 18. Rfe1 Nd7 19. cxd5 exd5 20. Bxd5 Qxd5 21.
Bxb4 Qe6 22. Bxf8 Nxf8 23. Qc5 Rb5 24. Qe3 Bf6 25. Qa7 Qb6 26. Qa8 Qb7 27. Qe8
Qb8 28. Qc6 Rb6 29. Qe8 g6 30. Rd7 Qxe8 31. Rxe8 Kg7 32. Ra7 Bc3 33. Kg2 Bb4
34. Re4 a5 35. Rf4 Rf6 36. Kf3 Rxf4+ 37. Kxf4 Ne6+ 38. Ke5 Nc5 39. Kd4 Ne6+ 40.
Kc4 Be1 41. a4 Kf6 42. Kb5 Nd4+ 43. Kc4 Nc2 44. Kd3 Na3 45. f3 Bb4 46. Rc7 Ke6
47. f4 h5 48. h3 Nb1 49. Rc2 Na3 50. Rc1 Kd5 51. Rc7 Ke6 52. g4 hxg4 53. hxg4
Bd6 54. Ra7 Bb4 55. Ra6+ Ke7 56. Rc6 Nb1 57. Rc2 Na3 58. Rc1 Kd6 59. Ke4 Ke6
60. f5+ gxf5+ 61. gxf5+ Kd6 62. Kd4 f6 63. Ke4 Bc5 64. Rd1+ Kc6 65. Rd8 Nb1 66.
Kd3 Bb4 67. Re8 Kd7 68. Re6 Be7 69. Ra6 Bd8 70. Kc2 Na3+ 71. Kb2 Be7 72. Ra7+
Ke8 73. Rxe7+ Kxe7 74. Kxa3 Kd6 75. b4 axb4+ 76. Kxb4 Kd5 77. a5 Kd6 78. Kb5
Kc7 79. Kc4 1-0

[Event "Benidorm 2013 - Torneo sub2000"]
[Site "Benidorm ESP"]
[Date "2013.12.01"]
[Round "3.3"]
[White "Muniz Giron, Carlos"]
[Black "Botelho, Luis Miguel Rodrigu"]
[Result "1-0"]
[WhiteElo "1930"]
[BlackElo "1996"]
[PlyCount "161"]
[EventDate "2013.11.29"]
[EventRounds "10"]
[EventCountry "ESP"]
[Source "lmi"]
[SourceDate "2013.11.29"]

1. d4 g6 2. c4 Bg7 3. Nc3 c5 4. d5 Bxc3+ 5. bxc3 f5 6. Nf3 Qa5 7. Bd2 d6 8. e3
Nf6 9. Bd3 Nbd7 10. O-O Nb6 11. Re1 Bd7 12. Qc2 O-O-O 13. Ng5 Rhf8 14. Reb1 h6
15. Ne6 Bxe6 16. dxe6 Qa6 17. Rb5 Ne8 18. Rab1 Nc7 19. R5b2 d5 20. cxd5 c4 21.
Be2 Rxd5 22. e4 fxe4 23. Qxe4 g5 24. Be3 Rb5 25. Rxb5 Nxb5 26. Bxc4 Nd6 27.
Bxa6 Nxe4 28. Bb5 Nd6 29. Be2 Kc7 30. Bd4 Nf5 31. Be5+ Kc8 32. c4 Rd8 33. c5
Nd5 34. c6 Nb6 35. Rc1 Nd5 36. a4 Nd6 37. cxb7+ Kxb7 38. Bf3 Ne8 39. Rc5 Nd6
40. Rxd5 Kb6 41. Bxd6 exd6 42. e7 Re8 43. Rxd6+ Kc7 44. Re6 Kd7 45. Bg4 Rxe7
46. Rxe7+ Kxe7 47. Kf1 Kd6 48. Ke2 Ke5 49. Ke3 Kd5 50. g3 Ke5 51. Kd3 Kd5 52.
f4 a5 53. Bf5 Kc5 54. Ke4 Kd6 55. Kd4 Ke7 56. Ke5 Kf7 57. Be4 Kg7 58. fxg5 hxg5
59. Kf5 Kh6 60. Kg4 Kg7 61. Kxg5 Kf7 62. h4 Kg7 63. g4 Kf7 64. h5 Kg7 65. Bg6
Kg8 66. Kf6 Kh8 67. g5 Kg8 68. Ke5 Kg7 69. Kd5 Kg8 70. Kc5 Kg7 71. Kb5 Kf8 72.
h6 Kg8 73. Kxa5 Kf8 74. Kb6 Kg8 75. a5 Kf8 76. a6 Ke7 77. a7 Kd7 78. a8=Q Kd6
79. Qe4 Kd7 80. Qe5 Kd8 81. Qe6 1-0

[Event "Benidorm 2013 - Torneo sub2000"]
[Site "Benidorm ESP"]
[Date "2013.12.01"]
[Round "3.4"]
[White "Paya Prats, Damian"]
[Black "Enzi, Gerald"]
[Result "1-0"]
[WhiteElo "1994"]
[BlackElo "1912"]
[PlyCount "53"]
[EventDate "2013.11.29"]
[EventRounds "10"]
[EventCountry "ESP"]
[Source "lmi"]
[SourceDate "2013.11.29"]

1. d4 Nf6 2. c4 e6 3. Nf3 d5 4. Nc3 c6 5. cxd5 exd5 6. Bg5 Nbd7 7. e3 Qa5 8.
Bd3 Bb4 9. Qc2 O-O 10. O-O h6 11. Bh4 Re8 12. a3 Bxc3 13. bxc3 Ne4 14. c4 Ndf6
15. cxd5 cxd5 16. Ne5 g5 17. f3 Nd6 18. Bg3 Be6 19. h4 Nc4 20. Qe2 Rac8 21.
hxg5 hxg5 22. f4 Nxe5 23. fxe5 Ne4 24. Bxe4 dxe4 25. Qh5 Qd2 26. Qxg5+ Kh7 27.
Rf6 1-0

[Event "Benidorm 2013 - Torneo sub2000"]
[Site "Benidorm ESP"]
[Date "2013.12.01"]
[Round "3.5"]
[White "Blondel, Jerome"]
[Black "Ferreruela Romero, Jose Joaqui"]
[Result "1-0"]
[WhiteElo "1924"]
[BlackElo "1993"]
[PlyCount "157"]
[EventDate "2013.11.29"]
[EventRounds "10"]
[EventCountry "ESP"]
[Source "lmi"]
[SourceDate "2013.11.29"]

1. e4 d5 2. exd5 Qxd5 3. Nc3 Qd8 4. Nf3 Nf6 5. d4 Bf5 6. Bd3 Bc8 7. Bf1 Bf5 8.
Bd3 Bxd3 9. Qxd3 c6 10. O-O e6 11. Bg5 Be7 12. Rad1 O-O 13. Bxf6 Bxf6 14. Ne4
Nd7 15. Nxf6+ Nxf6 16. c4 Qb6 17. Qc2 Rfd8 18. Rfe1 Rac8 19. h3 h6 20. b3 Rc7
21. Re2 Rcc8 22. Ree1 Qc7 23. Rc1 Rd7 24. Qe2 Rcd8 25. Qe5 Qxe5 26. Rxe5 Nh7
27. Kf1 Ng5 28. Nxg5 hxg5 29. Rxg5 Rxd4 30. Re5 Kf8 31. Rce1 Ke7 32. R5e4 R4d7
33. f4 Kf6 34. g4 Rd2 35. R1e2 Rd1+ 36. Kf2 Rh1 37. Kg2 Rdd1 38. Kg3 Rhg1+ 39.
Kh2 Rgf1 40. Kg2 Ra1 41. Kg3 Rfd1 42. g5+ Kg6 43. Rg2 Rd3+ 44. Kg4 Rh1 45. Rg3
Rxg3+ 46. Kxg3 Rg1+ 47. Kf3 Rh1 48. Kg3 Rd1 49. Re2 Kh5 50. Re3 Rg1+ 51. Kh2
Rd1 52. Kg3 b6 53. Rc3 Rg1+ 54. Kh2 Ra1 55. Rc2 Kh4 56. Rg2 a5 57. Rg4+ Kh5 58.
Rg2 Rb1 59. Kg3 Rd1 60. Kh2 Rd3 61. Rg3 Rd4 62. Rf3 Rd2+ 63. Kg3 Rxa2 64. h4
Rd2 65. f5 exf5 66. Rxf5 Rd3+ 67. Kf4 Rxb3 68. Rxf7 Kg6 69. Rc7 c5 70. Kg4 Kh7
71. h5 Rb4 72. h6 a4 73. Rxg7+ Kh8 74. g6 Rxc4+ 75. Kf5 Rh4 76. Kg5 Rd4 77. Rb7
Rd8 78. h7 c4 79. Kh6 1-0

[Event "Benidorm 2013 - Torneo sub2000"]
[Site "Benidorm ESP"]
[Date "2013.12.01"]
[Round "3.6"]
[White "Wlogalski, Olivier"]
[Black "Ingunza Lopez, Txema"]
[Result "1/2-1/2"]
[WhiteElo "1921"]
[BlackElo "1993"]
[PlyCount "79"]
[EventDate "2013.11.29"]
[EventRounds "10"]
[EventCountry "ESP"]
[Source "lmi"]
[SourceDate "2013.11.29"]

1. d4 Nf6 2. c4 e6 3. Nf3 b6 4. e3 Bb7 5. Bd3 d5 6. Nbd2 Be7 7. O-O O-O 8. b3
c5 9. Bb2 Nc6 10. Rc1 Rc8 11. Qe2 cxd4 12. exd4 Re8 13. a3 Bd6 14. b4 dxc4 15.
Nxc4 Bf4 16. Rcd1 Ne7 17. Ncd2 Qd5 18. Bc4 Qh5 19. Ba6 Qd5 20. Bxb7 Qxb7 21.
Ne5 Rc2 22. Ba1 Rec8 23. Qd3 Qd5 24. Ndf3 b5 25. g3 Bh6 26. Ne1 Rc1 27. f4 Nf5
28. N1f3 Rxd1 29. Rxd1 Nd6 30. Bb2 Nfe4 31. Rc1 Rxc1+ 32. Bxc1 g6 33. Qc2 Nc4
34. a4 a6 35. axb5 axb5 36. Nxc4 bxc4 37. Be3 Bf8 38. Ne5 Bxb4 39. Qxc4 Qxc4
40. Nxc4 1/2-1/2

[Event "Benidorm 2013 - Torneo sub2000"]
[Site "Benidorm ESP"]
[Date "2013.12.01"]
[Round "3.7"]
[White "Oliva Llorens, Antoni"]
[Black "Rodriguez Marcos, Jose R"]
[Result "0-1"]
[WhiteElo "1918"]
[BlackElo "1985"]
[PlyCount "108"]
[EventDate "2013.11.29"]
[EventRounds "10"]
[EventCountry "ESP"]
[Source "lmi"]
[SourceDate "2013.11.29"]

1. e4 c5 2. Nc3 d6 3. g3 Nc6 4. Bg2 Nf6 5. d3 g6 6. Be3 Bg7 7. Nge2 Ng4 8. Bd2
Nd4 9. h3 Ne5 10. Nxd4 cxd4 11. Ne2 Qb6 12. Rb1 Be6 13. b3 O-O 14. O-O Rac8 15.
f4 Nc6 16. a3 Qc7 17. f5 Bd7 18. Kh2 Ne5 19. Rc1 Bc6 20. Be1 gxf5 21. Rxf5 e6
22. Rf1 Ng6 23. c3 dxc3 24. Bxc3 e5 25. Bb4 a5 26. Bd2 b5 27. Qc2 Qb7 28. Qb2
d5 29. Bxa5 dxe4 30. dxe4 Bxe4 31. Nc3 Bxg2 32. Qxg2 Qa6 33. Bb4 Rfd8 34. Qe2
Qe6 35. Nxb5 Qxb3 36. Nd6 Rxc1 37. Rxc1 Bh6 38. Rc3 Qe6 39. Rd3 e4 40. Rd4 e3
41. Re4 Qd5 42. Re8+ Rxe8 43. Nxe8 Qe6 44. Nd6 Bf8 45. Nc4 Bh6 46. h4 Ne7 47.
Nb2 Nd5 48. Nd3 Nxb4 49. axb4 Qc4 50. Kh3 f5 51. Nf4 Qe4 52. Nh5 Qh1+ 53. Qh2
Qf1+ 54. Qg2 e2 0-1

[Event "Benidorm 2013 - Torneo sub2000"]
[Site "Benidorm ESP"]
[Date "2013.12.01"]
[Round "3.8"]
[White "Perez Garcia, Jose Miguel"]
[Black "Blesa Fernandez, Francisco"]
[Result "1/2-1/2"]
[WhiteElo "1914"]
[BlackElo "1978"]
[PlyCount "87"]
[EventDate "2013.11.29"]
[EventRounds "10"]
[EventCountry "ESP"]
[Source "lmi"]
[SourceDate "2013.11.29"]

1. Nf3 Nf6 2. d4 d5 3. c4 c6 4. Qc2 a6 5. e3 e6 6. c5 Nbd7 7. Nc3 Qc7 8. Na4 e5
9. Nb6 Nxb6 10. cxb6 Qxb6 11. Nxe5 Bb4+ 12. Kd1 O-O 13. Bd3 Be6 14. Qb3 Ng4 15.
Nxg4 Bxg4+ 16. f3 Bh5 17. Bd2 Ba5 18. Qxb6 Bxb6 19. Bb4 Rfe8 20. Kd2 Bg6 21.
Bxg6 hxg6 22. Kd3 Re6 23. Rae1 Rae8 24. Re2 Bc7 25. g3 f5 26. Rhe1 Kf7 27. e4
dxe4+ 28. fxe4 Bb6 29. exf5 gxf5 30. Rxe6 Rxe6 31. Rf1 Kg6 32. Bc3 Rd6 33. Rf4
Rd5 34. Kc4 Bd8 35. g4 b5+ 36. Kb3 Bc7 37. gxf5+ Rxf5 38. Re4 Bxh2 39. Re6+ Rf6
40. Re2 Bf4 41. Rg2+ Bg5 42. d5 Rd6 43. dxc6 Rxc6 44. Bxg7 1/2-1/2

[Event "Benidorm 2013 - Torneo sub2000"]
[Site "Benidorm ESP"]
[Date "2013.12.01"]
[Round "3.9"]
[White "Gambini, Stephane"]
[Black "Muro Turon, Raul"]
[Result "1-0"]
[WhiteElo "1975"]
[BlackElo "1905"]
[PlyCount "69"]
[EventDate "2013.11.29"]
[EventRounds "10"]
[EventCountry "ESP"]
[Source "lmi"]
[SourceDate "2013.11.29"]

1. c4 e5 2. Nc3 Nc6 3. g3 Nf6 4. Bg2 Bb4 5. a3 Bxc3 6. bxc3 O-O 7. e4 d6 8. Ne2
Qe7 9. d3 h6 10. O-O Nh7 11. f4 f5 12. Be3 Be6 13. Qb3 Rab8 14. Qc2 a6 15. fxe5
dxe5 16. Rab1 Qd6 17. c5 Qd7 18. d4 fxe4 19. Qxe4 Nf6 20. Qg6 Ng4 21. Be4 Nf6
22. Bc2 Bf7 23. Qf5 Be6 24. Qd3 e4 25. Qd2 Na5 26. Nf4 Bf7 27. Ng2 Nc4 28. Qc1
c6 29. Bxh6 Qh3 30. Rxf6 gxf6 31. Bxf8 Kxf8 32. Bxe4 Kg7 33. Qf4 Rh8 34. Nh4
Kf8 35. Rxb7 1-0

[Event "Benidorm 2013 - Torneo sub2000"]
[Site "Benidorm ESP"]
[Date "2013.12.01"]
[Round "3.10"]
[White "Campos Cayuelas, Adria"]
[Black "Larranaga Aldalur, Jose Joaqui"]
[Result "0-1"]
[WhiteElo "1973"]
[BlackElo "1902"]
[PlyCount "60"]
[EventDate "2013.11.29"]
[EventRounds "10"]
[EventCountry "ESP"]
[Source "lmi"]
[SourceDate "2013.11.29"]

1. e4 e5 2. Nc3 Nf6 3. f4 d5 4. fxe5 Nxe4 5. Nf3 Be7 6. Qe2 Nxc3 7. dxc3 c5 8.
Bf4 Nc6 9. O-O-O Be6 10. c4 d4 11. Qe4 h6 12. h3 Qa5 13. Kb1 O-O-O 14. Bd3 Qa6
15. Nd2 Rhe8 16. a3 Qa4 17. Rhe1 Na5 18. Qe2 b5 19. Qe4 Nc6 20. Qe2 Na5 21. Qf3
Kb8 22. b3 Qxa3 23. cxb5 g5 24. Bh2 c4 25. Nxc4 Nxc4 26. Bxc4 Bb4 27. c3 Bxc3
28. Re2 Qa1+ 29. Kc2 d3+ 30. Rxd3 Qb2+ 0-1

[Event "Benidorm 2013 - Torneo sub2000"]
[Site "Benidorm ESP"]
[Date "2013.12.01"]
[Round "3.11"]
[White "Thomson, Neil"]
[Black "Hall, Rachid"]
[Result "0-1"]
[WhiteElo "1900"]
[BlackElo "1973"]
[PlyCount "100"]
[EventDate "2013.11.29"]
[EventRounds "10"]
[EventCountry "ESP"]
[Source "lmi"]
[SourceDate "2013.11.29"]

1. e4 c5 2. Nf3 d6 3. d4 cxd4 4. Nxd4 Nf6 5. Nc3 a6 6. Bc4 e6 7. Bb3 Be7 8. g4
b5 9. g5 Ng8 10. Rg1 Qc7 11. Be3 Nc6 12. Nd5 Qb7 13. Nxc6 Qxc6 14. Nxe7 Nxe7
15. Qd3 Bb7 16. O-O-O Rd8 17. Bd4 O-O 18. Bf6 gxf6 19. gxf6+ Ng6 20. Qe3 Kh8
21. Qh6 Rg8 22. Bd5 Qe8 23. Bxb7 Rb8 24. Rd3 Qf8 25. Qxf8 Rgxf8 26. Bxa6 Nf4
27. Re3 Rb6 28. Rg4 e5 29. Bxb5 Rxb5 30. a4 Rc5 31. b3 Rfc8 32. c4 Rg8 33.
Rxg8+ Kxg8 34. Rg3+ Kf8 35. Kd2 h5 36. Rc3 Ra5 37. Rc2 Ke8 38. Ra2 Kd7 39. b4
Ra8 40. a5 Ne6 41. b5 Nc5 42. f3 Rxa5 43. Rb2 Ra3 44. Ke2 Nb3 45. Kf2 Nd4 46.
b6 Rxf3+ 47. Ke1 Rb3 48. Rg2 Rb1+ 49. Kf2 Rb2+ 50. Kg3 Rxg2+ 0-1

[Event "Benidorm 2013 - Torneo sub2000"]
[Site "Benidorm ESP"]
[Date "2013.12.01"]
[Round "3.12"]
[White "Poggiolini, Alessandro"]
[Black "Bulcourt, Nicolas"]
[Result "1-0"]
[WhiteElo "1971"]
[BlackElo "1899"]
[PlyCount "45"]
[EventDate "2013.11.29"]
[EventRounds "10"]
[EventCountry "ESP"]
[Source "lmi"]
[SourceDate "2013.11.29"]

1. e4 e6 2. d4 d5 3. Nd2 c5 4. Ngf3 Nf6 5. e5 Nfd7 6. c3 b6 7. Bb5 Ba6 8. a4
Bxb5 9. axb5 Be7 10. Qe2 cxd4 11. Nxd4 Qc7 12. f4 O-O 13. O-O Bc5 14. N2f3 a6
15. Be3 Qb7 16. f5 Bxd4 17. Nxd4 exf5 18. Nxf5 Nxe5 19. Bh6 gxh6 20. Nxh6+ Kg7
21. Qxe5+ f6 22. Qg3+ Kxh6 23. Rf4 1-0

[Event "Benidorm 2013 - Torneo sub2000"]
[Site "Benidorm ESP"]
[Date "2013.12.01"]
[Round "3.13"]
[White "Aguado Crespo, Antonio"]
[Black "Bilescu, Lucian-Wolfgang"]
[Result "1-0"]
[WhiteElo "1891"]
[BlackElo "1970"]
[PlyCount "80"]
[EventDate "2013.11.29"]
[EventRounds "10"]
[EventCountry "ESP"]
[Source "lmi"]
[SourceDate "2013.11.29"]

1. e4 d5 2. exd5 Qxd5 3. Nc3 Qd8 4. Bc4 Nf6 5. Nf3 c5 6. O-O a6 7. d4 b5 8. Be2
e6 9. Bg5 Be7 10. dxc5 Qc7 11. b4 Nc6 12. a3 O-O 13. Qd2 Bb7 14. Qf4 Qxf4 15.
Bxf4 Nh5 16. Bd6 Bxd6 17. cxd6 Nf4 18. Rfd1 Nxe2+ 19. Nxe2 Rac8 20. Rac1 Nb8
21. Ne5 f6 22. Nd3 Nd7 23. Nef4 Kf7 24. Nb2 g5 25. Nfd3 Rc3 26. Rd2 Rfc8 27. a4
Bd5 28. axb5 axb5 29. Nd1 R3c6 30. Ne3 Rxd6 31. f4 h6 32. f5 Rcc6 33. Nf2 Nb6
34. Rcd1 Ke7 35. Re1 e5 36. Ra1 Rc7 37. Ra6 Rb7 38. Rxb6 Rbxb6 39. Nxd5+ Kf7
40. Ne4 Rd8 1-0

[Event "Benidorm 2013 - Torneo sub2000"]
[Site "Benidorm ESP"]
[Date "2013.12.01"]
[Round "3.14"]
[White "Strand, Oyvin"]
[Black "Vallbona Domingo, Joan"]
[Result "1-0"]
[WhiteElo "1891"]
[BlackElo "1967"]
[PlyCount "110"]
[EventDate "2013.11.29"]
[EventRounds "10"]
[EventCountry "ESP"]
[Source "lmi"]
[SourceDate "2013.11.29"]

1. d4 Nf6 2. Nf3 c5 3. e3 g6 4. Bd3 Bg7 5. O-O O-O 6. c4 cxd4 7. exd4 d5 8. c5
Nc6 9. a3 Ne4 10. Bb5 Bg4 11. Bxc6 bxc6 12. h3 Bxf3 13. gxf3 Nf6 14. Nc3 Qd7
15. Kg2 Nh5 16. f4 Bf6 17. Be3 Ng7 18. Qd3 Nf5 19. b4 a6 20. Rab1 Nh4+ 21. Kh2
Qf5 22. Qxf5 Nxf5 23. Rfd1 e6 24. Na4 Bd8 25. Nc3 Bc7 26. Kg2 Rfb8 27. a4 Ne7
28. a5 Ra7 29. Na4 Bd8 30. Nb6 Nf5 31. Kf3 Bf6 32. Rd2 Kf8 33. Rg1 Ke7 34. Ke2
Rg8 35. Rdd1 Kd8 36. Rg2 Re7 37. Kd3 Ree8 38. Rdg1 Ne7 39. Na4 Nc8 40. Nb6 Na7
41. f3 Nb5 42. Ra2 Bh8 43. Rag2 Bf6 44. Ra2 Bh4 45. Rag2 Kc7 46. Rg4 Be7 47.
R4g2 Bd8 48. Ra2 Kb7 49. Rag2 Bxb6 50. axb6 Na3 51. Ra2 Nc4 52. Bc1 Ra8 53. Be3
Rge8 54. Bf2 a5 55. bxa5 Nxa5 1-0